000 00968nam a22002895i 4500
001 12989
003 ES-MaACL
005 20230906150448.0
007 t|
008 960214s1993 sp ||||0| spa j
020 _a84-7658-382-6
080 _a1(081) Ficino, Marsilio
100 1 _aFicino, Marsilio.
_950682
245 1 0 _aSobre el furor divino y otros textos /
_cselección de textos, introducción y notas de Pedro Azara ; traducción de Juan Maluquer y Jaime Sainz.
250 _aEd. bilingüe, 1ª ed.
260 _aBarcelona :
_bAnthropos,
_c1993.
300 _aXCVIII, 105 p. ;
_c20 cm.
490 1 _aTextos y documentos ;
_v17
500 _aTextos en latín y traducción en español.
504 _aBibliografía: p. LXXXIII-XC.
700 1 _aAzara, Pedro.
_924236
700 1 _aMaluquer, Juan.
_975876
700 1 _aSainz, Jaime.
_9101570
830 0 _aTextos y documentos ;
_v17
_9177664
852 _aES-MaACL
_jL-20338
999 _c12989
_d12989